| 000 | 00589nam a2200205 a 4500 | ||
|---|---|---|---|
| 003 | PILC | ||
| 005 | 20160224101415.0 | ||
| 008 | 111011s19uu xx 00 eng d | ||
| 020 | _a9789380540986 | ||
| 050 |
_aG 155.A1 _b.Sh561 2010 |
||
| 100 | _aShrivastava, Atul. | ||
| 245 |
_aModern hospitality and tourism management / _cAtul Shrivastava. |
||
| 260 |
_aNew Delhi, India : _bCentrum Press, _c2010. |
||
| 300 |
_a240 pages ; _c22 cm. |
||
| 500 | _aIncludes index. | ||
| 650 |
_aTourism _xManagement. |
||
| 650 |
_aTourism _xHospitality. |
||
| 942 |
_cBK _2lcc _kFOR |
||
| 999 |
_c24930 _d24930 |
||